000 00405nam a2200145Ia 4500
008 210210b1983 xxu||||| |||| 00| 0 eng d
082 _a574.192 SMIP
100 _aSMITH (Emil L) & others.
245 _aPrinciples of biochemistry: general aspects.
250 _a
260 _aNew Delhi.
_bMcGraw Hill International Book Co.,
_c1983
300 _axiii,885
690 _aBiochemistry
906 _aSG02235
999 _c113402
_d113402